000 00750nam a2200289Ia 4500
005 20260324150721.0
008 008 260324s9999 xx 000 0 eng d
020 _a9781003351528
037 _aEBOOK
040 _aCRL
040 _beng
040 _cCRL
041 _2eng
041 _aeng
084 _qCRL
100 _aBryan H. Reed
_91227366
245 0 _aEighty Thousand Adolescents
245 2 _bA Study of Young People in the City of Birmingham by the Staff and Students of Westhill Training College
260 _bTaylor and Francis
260 _c1950
365 _a
365 _b150
856 _uhttp://www.taylorfrancis.com/books/9781003351528
942 _cEBOOK
999 _c1837322
_d1837322